[Event "Frankfurt Ch 2014"]
[Site "Ffm-Höchst, BiKuZ"]
[Date "2014.04.28"]
[Round "1.28"]
[White "Krischak, Werner"]
[Black "Wagner, Dirk"]
[Result "0-1"]
[WhiteElo "1609"]
[BlackElo "1919"]
[PlyCount "46"]
[EventDate "2014.??.??"]
[WhiteTeam "SK Marburg 1931/72"]
[BlackTeam "SC Matt im Park Ffm"]

1. d4 Nf6 2. Nf3 g6 3. c4 Bg7 4. Nc3 d5 5. cxd5 Nxd5 6. e4 Nxc3 7. bxc3 c5 8.
Be3 O-O 9. Qd2 Qa5 10. Bc4 Nc6 11. h3 cxd4 12. cxd4 Qxd2+ 13. Kxd2 Rd8 14. Kc3
Bd7 15. Rab1 Rac8 16. Kd3 Be8 17. Rxb7 Na5 18. Rb4 Nxc4 19. Rxc4 Bb5 20. Rhc1
f5 21. e5 e6 22. Bd2 Rxc4 23. Rxc4 Rc8 0-1

[Event "Frankfurt Ch 2014"]
[Site "Ffm-Höchst, BiKuZ"]
[Date "2014.04.28"]
[Round "1.29"]
[White "Kolker, Vladislav"]
[Black "Falkenhainer, Sven"]
[Result "1-0"]
[WhiteElo "1915"]
[BlackElo "1597"]
[PlyCount "59"]
[EventDate "2014.??.??"]
[WhiteTeam "SC Bad Nauheim"]
[BlackTeam "SV 1946 Groß-Gerau"]

1. e4 d6 2. d4 g6 3. Nc3 Bg7 4. Bg5 c6 5. f4 Nd7 6. Nf3 Ngf6 7. Qd2 O-O 8. e5
dxe5 9. dxe5 Ng4 10. h3 Ngxe5 11. fxe5 Nxe5 12. Nxe5 Qxd2+ 13. Kxd2 Bxe5 14.
Bxe7 Bf4+ 15. Kd1 Re8 16. Bh4 g5 17. Be1 Bf5 18. Bd3 Rad8 19. g3 Bxd3 20. cxd3
Bxg3 21. Kc2 Re3 22. Bd2 Re5 23. Rhg1 Bh4 24. Ne4 h6 25. Bc3 Rf5 26. Raf1 Rxf1
27. Rxf1 b6 28. Rf6 Kh7 29. Rxf7+ Kg6 30. Rf6+ 1-0

[Event "Frankfurt Ch 2014"]
[Site "Ffm-Höchst, BiKuZ"]
[Date "2014.04.28"]
[Round "1.30"]
[White "Muthig, Holger"]
[Black "Achtmann, Armin"]
[Result "0-1"]
[WhiteElo "1588"]
[BlackElo "1915"]
[PlyCount "90"]
[EventDate "2014.??.??"]
[WhiteTeam "vereinslos"]
[BlackTeam "SAbt TuS Dotzheim"]

1. d4 f5 2. c4 Nf6 3. g3 e6 4. Bg2 d5 5. Nc3 c6 6. Nf3 Bd6 7. O-O O-O 8. b3
Nbd7 9. Bb2 Ne4 10. c5 Bc7 11. Nd2 Ndf6 12. f3 Ng5 13. Qc2 f4 14. h4 Nf7 15. g4
Nxg4 16. fxg4 Qxh4 17. Nf3 Qxg4 18. Nd1 Ng5 19. Nxg5 Qxg5 20. Rf3 e5 21. dxe5
Bf5 22. Qc3 Be4 23. Rf2 Rae8 24. Qh3 Bf5 25. Qf3 Be4 26. Qh3 Bf5 27. Qf3 Bg4
28. Qd3 Re6 29. Kf1 Rg6 30. Bd4 f3 31. exf3 Bf5 32. Qe3 Qxe3 33. Bxe3 Bxe5 34.
Rc1 Bd3+ 35. Ke1 Bg3 36. Kd2 Bxf2 37. Bxf2 Rxg2 38. Kxd3 Rxf3+ 39. Ke2 Rf6 40.
Rc3 Re6+ 41. Kf1 Rh2 42. Kg1 Reh6 43. Rd3 Rh1+ 44. Kg2 R6h2+ 45. Kf3 Rh3+ 0-1

[Event "Frankfurt Ch 2014"]
[Site "Ffm-Höchst, BiKuZ"]
[Date "2014.04.28"]
[Round "1.31"]
[White "Kulenovic, Adnan"]
[Black "Gude, Michael"]
[Result "1-0"]
[WhiteElo "1913"]
[BlackElo "1587"]
[PlyCount "126"]
[EventDate "2014.??.??"]
[WhiteTeam "SC Springer Rodenbach"]
[BlackTeam "SF Fürth 1951 e.V."]

1. e4 e5 2. b3 Nc6 3. f4 exf4 4. d4 Qh4+ 5. Ke2 d6 6. Nf3 Bg4 7. Bxf4 Bxf3+ 8.
Kxf3 O-O-O 9. Nc3 Qf6 10. Ke3 Nge7 11. Qg4+ Kb8 12. Rd1 Re8 13. Bd3 Qxd4+ 14.
Kd2 Ne5 15. Qg3 Nxd3 16. cxd3 Ng6 17. Be3 Qe5 18. Qf2 a6 19. Rc1 Be7 20. Qxf7
Bg5 21. Nd5 Bxe3+ 22. Nxe3 Qa5+ 23. Kd1 Rhf8 24. Qxg7 Rf2 25. Qc3 Qxc3 26. Rxc3
Rxa2 27. Rf1 Rf8 28. Rxf8+ Nxf8 29. Rc2 Ra1+ 30. Kd2 Ne6 31. Rc1 Ra3 32. Kc3
Nc5 33. Rb1 c6 34. Nc4 Ra2 35. Rb2 Rxb2 36. Nxb2 Kc7 37. b4 Nd7 38. g4 Ne5 39.
h3 Ng6 40. Nd1 Kd7 41. Kd4 b6 42. Ke3 c5 43. bxc5 bxc5 44. d4 cxd4+ 45. Kxd4
Nf4 46. h4 Ng2 47. h5 Nf4 48. e5 dxe5+ 49. Kxe5 Ne6 50. Kf6 a5 51. Nc3 Nf8 52.
Kf7 Ne6 53. Na4 Kd6 54. Kf6 Nc5 55. Nc3 a4 56. Nxa4 Nxa4 57. g5 Nc5 58. Kg7 Ke6
59. Kxh7 Nd7 60. Kg7 Ne5 61. g6 Kf5 62. Kh7 Kg5 63. g7 Nd7 1-0

[Event "Frankfurt Ch 2014"]
[Site "Ffm-Höchst, BiKuZ"]
[Date "2014.04.28"]
[Round "1.32"]
[White "Zerhusen, Martin"]
[Black "Rondonuwu, Grover"]
[Result "0-1"]
[WhiteElo "1587"]
[BlackElo "1911"]
[PlyCount "70"]
[EventDate "2014.??.??"]
[WhiteTeam "SV Oberursel"]
[BlackTeam "Sabt Frankfurter TV 1860"]

1. d4 e6 2. c4 Nf6 3. Nc3 Bb4 4. Qc2 O-O 5. a3 Bxc3+ 6. Qxc3 b6 7. Nf3 Bb7 8.
Bg5 c5 9. e3 d6 10. dxc5 dxc5 11. Rd1 Qe7 12. Bxf6 gxf6 13. Be2 Nc6 14. Kd2
Rfd8+ 15. Kc1 Rxd1+ 16. Rxd1 Rd8 17. Rxd8+ Qxd8 18. Qd2 Qc7 19. g3 Ne7 20. h4
Nf5 21. Ne1 Be4 22. Nd3 Kf8 23. Nf4 Ke7 24. Bd3 Qe5 25. Kc2 Nd6 26. Qc3 Bxd3+
27. Nxd3 Qe4 28. Kb3 f5 29. Nf4 f6 30. Qc2 Qxc2+ 31. Kxc2 Nxc4 32. Kc3 Nd6 33.
b3 Ne4+ 34. Kc4 a6 35. Nd3 b5# 0-1

[Event "Frankfurt Ch 2014"]
[Site "Ffm-Höchst, BiKuZ"]
[Date "2014.04.28"]
[Round "1.33"]
[White "Schmitt, Roland"]
[Black "Bock, Mario"]
[Result "1-0"]
[WhiteElo "1907"]
[BlackElo "1575"]
[PlyCount "79"]
[EventDate "2014.??.??"]
[WhiteTeam "SK Großsachsen"]
[BlackTeam "SF Frankfurt 1921"]

1. d4 Nf6 2. c4 e6 3. Nf3 d5 4. Nc3 Be7 5. Bg5 b6 6. cxd5 Nxd5 7. Nxd5 exd5 8.
Bxe7 Qxe7 9. Qd2 Ba6 10. g3 O-O 11. Bg2 Re8 12. O-O Nd7 13. Rfe1 Qd6 14. Rad1
Rad8 15. Qc2 Nf6 16. Ne5 Bb7 17. Qf5 Bc8 18. Qf4 Be6 19. Rc1 c5 20. Red1 Nd7
21. Nxd7 Qxd7 22. dxc5 Qb5 23. cxb6 axb6 24. Rd2 Rc8 25. Rcd1 Rc4 26. Qe5 f6
27. Rxd5 Qc6 28. Qd6 Qc8 29. R5d2 b5 30. Bd5 Bxd5 31. Qxd5+ Kf8 32. Qxb5 Rc5
33. Qb4 Kg8 34. Qb3+ Kf8 35. Qb4 Kg8 36. a3 Rc4 37. Qb3 Kf8 38. Qd3 Rc7 39.
Qxh7 Rce7 40. Qh8+ 1-0

[Event "Frankfurt Ch 2014"]
[Site "Ffm-Höchst, BiKuZ"]
[Date "2014.04.28"]
[Round "1.34"]
[White "Günther, Rainer"]
[Black "Egenolf, Dirk"]
[Result "0-1"]
[WhiteElo "1572"]
[BlackElo "1906"]
[PlyCount "62"]
[EventDate "2014.??.??"]
[WhiteTeam "SV Mainz-Mombach"]
[BlackTeam "SK Niederbrechen 1948"]

1. e4 c5 2. Nf3 e6 3. d4 cxd4 4. Nxd4 Nf6 5. Nc3 Bb4 6. Bd3 Nc6 7. Nde2 d5 8.
O-O O-O 9. Bg5 Be7 10. Ng3 h6 11. Bxf6 Bxf6 12. exd5 exd5 13. Nh5 Bxc3 14. bxc3
Qg5 15. f4 Qe7 16. Kh1 g6 17. Ng3 f5 18. Re1 Qc5 19. Qd2 Bd7 20. Rab1 Na5 21.
Re5 Rae8 22. Rbe1 Nc6 23. Rxe8 Rxe8 24. Rxe8+ Bxe8 25. Qe2 Bf7 26. Qe1 Kf8 27.
h3 Qe7 28. Qf2 b6 29. Ne2 Qc5 30. Qxc5+ bxc5 31. a3 c4 0-1

[Event "Frankfurt Ch 2014"]
[Site "Ffm-Höchst, BiKuZ"]
[Date "2014.04.28"]
[Round "1.35"]
[White "Seickel, Ralf"]
[Black "Knott, Tilo"]
[Result "1-0"]
[WhiteElo "1905"]
[BlackElo "1571"]
[PlyCount "26"]
[EventDate "2014.??.??"]
[WhiteTeam "vereinslos"]
[BlackTeam "SC Brett vorm Kopp Ffm"]

1. c4 e5 2. g3 Nc6 3. Bg2 Nf6 4. Nc3 Bc5 5. d3 Ng4 6. e3 d6 7. h3 Nf6 8. Nge2
O-O 9. O-O Be6 10. d4 exd4 11. exd4 Qc8 12. Kh2 Bxc4 13. dxc5 dxc5 1-0

[Event "Frankfurt Ch 2014"]
[Site "Ffm-Höchst, BiKuZ"]
[Date "2014.04.28"]
[Round "1.36"]
[White "Mehl, Ulrich"]
[Black "Göbel, Andreas"]
[Result "0-1"]
[WhiteElo "1570"]
[BlackElo "1900"]
[PlyCount "66"]
[EventDate "2014.??.??"]
[WhiteTeam "SAbt TSG Nieder-Erlenbach 1888"]
[BlackTeam "SC Brett vorm Kopp Ffm"]

1. d4 Nf6 2. c4 e6 3. Nf3 b6 4. Bg5 Bb7 5. e3 Be7 6. Bd3 d6 7. O-O Nbd7 8. Nbd2
O-O 9. Qc2 c5 10. dxc5 bxc5 11. Rad1 h6 12. Bxf6 Nxf6 13. b3 Qc7 14. e4 Rfd8
15. Rfe1 Nd7 16. Nf1 Qc6 17. Ng3 a5 18. Nh5 Bf8 19. Re3 a4 20. Ne1 axb3 21.
axb3 Ne5 22. Be2 Ng6 23. Rg3 Qa6 24. Nf3 Qa2 25. Qd3 d5 26. exd5 exd5 27. Ne5
dxc4 28. Nf6+ gxf6 29. Rxg6+ Bg7 30. Rxg7+ Kxg7 31. Qg3+ Kh7 32. Nd7 Qxe2 33.
Nxf6+ Kh8 0-1

[Event "Frankfurt Ch 2014"]
[Site "Ffm-Höchst, BiKuZ"]
[Date "2014.04.28"]
[Round "1.37"]
[White "Blum, Ralph"]
[Black "Riha, Peter"]
[Result "1-0"]
[WhiteElo "1897"]
[BlackElo "1565"]
[PlyCount "57"]
[EventDate "2014.??.??"]
[WhiteTeam "SV 1934 Ffm-Griesheim"]
[BlackTeam "SC Bergen-Enkheim 1922"]

1. d4 Nf6 2. c4 e5 3. Nf3 exd4 4. Nxd4 d5 5. cxd5 Qxd5 6. Nc3 Bb4 7. Qa4+ Nc6
8. Nxc6 Bxc3+ 9. bxc3 Bd7 10. Qb4 Bxc6 11. c4 Qf5 12. Be3 Qe5 13. Rd1 b6 14.
Bd4 Qe7 15. Qb2 O-O-O 16. f3 Rd6 17. e4 Rhd8 18. c5 R6d7 19. Ba6+ Bb7 20. Bxb7+
Kxb7 21. O-O Rxd4 22. c6+ Kxc6 23. Rxd4 Rxd4 24. Rc1+ Kb7 25. Qxd4 c5 26. Qd2
Ne8 27. Qd5+ Kb8 28. Rd1 Nf6 29. Qc6 1-0

[Event "Frankfurt Ch 2014"]
[Site "Ffm-Höchst, BiKuZ"]
[Date "2014.04.28"]
[Round "1.38"]
[White "Bergner, Matthias"]
[Black "Rutsatz, Mario"]
[Result "0-1"]
[WhiteElo "1557"]
[BlackElo "1896"]
[PlyCount "68"]
[EventDate "2014.??.??"]
[WhiteTeam "SV 1926 Neu-Isenburg"]
[BlackTeam "SF Frankfurt 1921"]

1. d4 Nf6 2. c4 g6 3. Nc3 d5 4. Nxd5 Nxd5 5. cxd5 Qxd5 6. e3 Bg7 7. Nf3 O-O 8.
Be2 c5 9. O-O Nc6 10. dxc5 Qxc5 11. a3 Rd8 12. Qa4 Bf5 13. Qc4 Qxc4 14. Bxc4
Rac8 15. Ba2 Bd3 16. Re1 Ne5 17. Ng5 e6 18. Bd2 Nc4 19. Bxc4 Rxc4 20. Bc3 Rxc3
21. bxc3 Bxc3 22. Nf3 Bxa1 23. Rxa1 Be4 24. Kf1 Bxf3 25. gxf3 Rd2 26. Ke1 Rb2
27. Rc1 Kg7 28. Rc4 Kf6 29. Ra4 a6 30. Rf4+ Ke7 31. Rh4 h5 32. Rd4 b5 33. Rd3
Rb1+ 34. Ke2 Rh1 0-1

[Event "Frankfurt Ch 2014"]
[Site "Ffm-Höchst, BiKuZ"]
[Date "2014.04.28"]
[Round "1.39"]
[White "Kropp, Volker"]
[Black "Heun, Andreas"]
[Result "1-0"]
[WhiteElo "1892"]
[BlackElo "1541"]
[PlyCount "51"]
[EventDate "2014.??.??"]
[WhiteTeam "SV Mainz-Mombach"]
[BlackTeam "SC Ladja Roßdorf"]

1. d4 d5 2. Nf3 Nf6 3. c4 g6 4. Nc3 Bg7 5. Qa4+ c6 6. Bf4 O-O 7. cxd5 Nxd5 8.
Nxd5 Qxd5 9. e3 b5 10. Qc2 Bf5 11. Bd3 Bxd3 12. Qxd3 f5 13. O-O Nd7 14. Rfd1
Rad8 15. Qa3 Ra8 16. Qxe7 Nb6 17. b3 Rfe8 18. Qd6 Qe4 19. Rac1 Rac8 20. Be5
Rcd8 21. Qa3 Nd5 22. Bxg7 Kxg7 23. Ne5 Nxe3 24. fxe3 Qxe3+ 25. Kh1 Rxd4 26.
Qxa7+ 1-0

[Event "Frankfurt Ch 2014"]
[Site "Ffm-Höchst, BiKuZ"]
[Date "2014.04.28"]
[Round "1.40"]
[White "Popp, Matthias"]
[Black "Rolf, Marco"]
[Result "0-1"]
[WhiteElo "1530"]
[BlackElo "1872"]
[PlyCount "32"]
[EventDate "2014.??.??"]
[WhiteTeam "SC Bergen-Enkheim 1922"]
[BlackTeam "SK Bad Homburg 1927"]

1. Nf3 d5 2. d4 Nf6 3. Bf4 c5 4. c3 Nc6 5. Nbd2 cxd4 6. cxd4 Qb6 7. Nb3 Bf5 8.
e3 Nb4 9. Rc1 Nxa2 10. Rc5 a6 11. Bd3 e6 12. Rc7 Nh5 13. Rxf7 Bb4+ 14. Kf1
Bxd3+ 15. Qxd3 Kxf7 16. Bg5 Qb5 0-1

[Event "Frankfurt Ch 2014"]
[Site "Ffm-Höchst, BiKuZ"]
[Date "2014.04.28"]
[Round "1.41"]
[White "Fußnecker, Manfred"]
[Black "Hartmann, Stephan"]
[Result "1/2-1/2"]
[WhiteElo "1870"]
[BlackElo "1516"]
[PlyCount "66"]
[EventDate "2014.??.??"]
[WhiteTeam "SF Frankfurt 1921"]
[BlackTeam "SG Turm Idstein"]

1. e4 c5 2. Nf3 Nc6 3. Bb5 a6 4. Bxc6 bxc6 5. d4 cxd4 6. Qxd4 Qc7 7. O-O c5 8.
Qc4 a5 9. Re1 e5 10. Qd5 Bb7 11. Qxe5+ Qxe5 12. Nxe5 Nf6 13. Nc3 Bd6 14. Nc4
Bb8 15. e5 Nd5 16. Nd6+ Bxd6 17. exd6+ Kd8 18. Nxd5 Bxd5 19. Bg5+ f6 20. Bd2
Be6 21. Re4 a4 22. Bc3 Ra6 23. Rd1 Bxa2 24. Ra1 Be6 25. Rexa4 Rxa4 26. Rxa4 Bd5
27. Ra5 Bc6 28. Rxc5 Ke8 29. b4 Kf7 30. b5 Rb8 31. f3 Rxb5 32. Rxb5 Bxb5 33.
Kf2 Ba4 1/2-1/2

[Event "Frankfurt Ch 2014"]
[Site "Ffm-Höchst, BiKuZ"]
[Date "2014.04.28"]
[Round "1.42"]
[White "Kletzerman, Simon"]
[Black "Seifert, Norbert"]
[Result "0-1"]
[WhiteElo "1512"]
[BlackElo "1867"]
[PlyCount "52"]
[EventDate "2014.??.??"]
[WhiteTeam "SAbt TuS Makkabi Ffm"]
[BlackTeam "SF Neuberg"]

1. e4 c5 2. Nf3 e6 3. c3 Nf6 4. e5 Nd5 5. d4 cxd4 6. cxd4 Nc6 7. Be2 d6 8. O-O
dxe5 9. dxe5 Be7 10. a3 Qc7 11. Bb5 Bd7 12. Bxc6 Bxc6 13. Re1 O-O 14. Qc2 h6
15. Nd4 Rac8 16. Nxc6 Qxc6 17. Qxc6 Rxc6 18. Nd2 Rfc8 19. Ne4 Rc2 20. b4 R8c4
21. g3 Kf8 22. Be3 Rxe4 23. Rac1 Rec4 24. Rxc2 Rxc2 25. Rc1 Nxe3 26. Rxc2 Nxc2
0-1

[Event "Frankfurt Ch 2014"]
[Site "Ffm-Höchst, BiKuZ"]
[Date "2014.04.28"]
[Round "1.43"]
[White "Lebermann, Hellmuth"]
[Black "Kirschner, Matthias"]
[Result "1-0"]
[WhiteElo "1865"]
[BlackElo "1511"]
[PlyCount "59"]
[EventDate "2014.??.??"]
[WhiteTeam "SK Bad Homburg 1927"]
[BlackTeam "SV 1997 Nauheim"]

1. e4 d6 2. d4 Nf6 3. Nc3 e5 4. Nf3 Nbd7 5. Bc4 Be7 6. dxe5 Nxe5 7. Nxe5 dxe5
8. Qe2 c6 9. a4 O-O 10. O-O a5 11. h3 Qc7 12. Be3 Rd8 13. f4 Bb4 14. Bd2 Qe7
15. Bd3 Bd7 16. Kh1 exf4 17. Bxf4 Bxc3 18. bxc3 Qc5 19. c4 Be6 20. Rab1 Qe7 21.
Bg5 h6 22. Bxf6 gxf6 23. Qh5 Kg7 24. Qh4 Rd7 25. Rf3 f5 26. Qxe7 Rxe7 27. exf5
Bxf5 28. Rxf5 f6 29. Kg1 Rf8 30. Rxa5 1-0

[Event "Frankfurt Ch 2014"]
[Site "Ffm-Höchst, BiKuZ"]
[Date "2014.04.28"]
[Round "1.44"]
[White "van Bömmel, Philipp"]
[Black "Geringer, Waldemar"]
[Result "0-1"]
[WhiteElo "1511"]
[BlackElo "1858"]
[PlyCount "48"]
[EventDate "2014.??.??"]
[WhiteTeam "SC 1979 Hattersheim"]
[BlackTeam "Schach-Spielgemeinschaft Röderma"]

1. c4 Nf6 2. g3 g6 3. Bg2 Bg7 4. Nc3 O-O 5. d4 d6 6. Nf3 Nc6 7. e4 e5 8. d5 Ne7
9. O-O Bg4 10. h3 Bd7 11. Be3 Nh5 12. Nh4 Kh8 13. Kh2 Ng8 14. Rc1 Nf4 15. gxf4
Qxh4 16. Qf3 Nh6 17. Kg1 f5 18. Qg3 Qe7 19. fxe5 dxe5 20. Bg5 Qb4 21. Qh4 Ng8
22. exf5 gxf5 23. d6 c6 24. Be7 Bf6 0-1

[Event "Frankfurt Ch 2014"]
[Site "Ffm-Höchst, BiKuZ"]
[Date "2014.04.28"]
[Round "1.45"]
[White "Mosig, Rainer"]
[Black "Gelfenbaum, Daniel"]
[Result "1-0"]
[WhiteElo "1854"]
[BlackElo "1510"]
[PlyCount "105"]
[EventDate "2014.??.??"]
[WhiteTeam "SC 1979 Hattersheim"]
[BlackTeam "SAbt TuS Makkabi Ffm"]

1. d4 d5 2. Nf3 Nf6 3. c4 e6 4. Bg5 Be7 5. Nc3 O-O 6. e3 Nbd7 7. Qc2 a6 8. cxd5
exd5 9. Bd3 Re8 10. O-O-O Nf8 11. Ne5 Ng6 12. f4 Ng4 13. Bxe7 Rxe7 14. Nxg4
Bxg4 15. Rde1 Bc8 16. f5 Nf8 17. Qf2 Qd6 18. g4 f6 19. h4 c5 20. g5 cxd4 21.
exd4 Rxe1+ 22. Rxe1 Bd7 23. gxf6 Qxf6 24. Kb1 Bc6 25. Rg1 Ne6 26. Ne2 Rf8 27.
Rg2 Kh8 28. Qg1 Nc7 29. Nf4 Rf7 30. h5 Nb5 31. Ne6 Nd6 32. h6 Qxh6 33. Ng5 Qf6
34. Nxf7+ Nxf7 35. Qe3 Nd6 36. Qe5 Ne8 37. Re2 h6 38. Qb8 Qf7 39. f6 gxf6 40.
Qf4 Qg7 41. Rh2 Qg1+ 42. Kc2 Qe1 43. Qxh6+ Kg8 44. Qg6+ Kf8 45. Qh6+ Kf7 46.
Qh7+ Kf8 47. Rg2 Qe6 48. Qh8+ Kf7 49. Qg8+ Ke7 50. Re2 Qxe2+ 51. Bxe2 f5 52.
Qh7+ Kf6 53. Bh5 1-0

[Event "Frankfurt Ch 2014"]
[Site "Ffm-Höchst, BiKuZ"]
[Date "2014.04.28"]
[Round "1.46"]
[White "Schindehütte, Frank"]
[Black "Kretner, Georg-Ulrich"]
[Result "0-1"]
[WhiteElo "1507"]
[BlackElo "1838"]
[PlyCount "48"]
[EventDate "2014.??.??"]
[WhiteTeam "SAbt VfL Goldstein"]
[BlackTeam "SC Bad Nauheim"]

1. f4 g6 2. c4 Bg7 3. Nf3 Nf6 4. Nc3 O-O 5. d4 d6 6. e3 Nbd7 7. Bd3 c6 8. O-O
Re8 9. Qc2 e5 10. Ng5 exd4 11. exd4 Ng4 12. Nf3 f5 13. Bd2 c5 14. d5 h6 15.
Rae1 a6 16. h3 Ngf6 17. g4 Rxe1 18. Rxe1 fxg4 19. hxg4 Nxg4 20. Bxg6 Nf8 21.
Re8 Qf6 22. Bd3 Qf7 23. Bg6 Qd7 24. Qf5 Qxe8 0-1

[Event "Frankfurt Ch 2014"]
[Site "Ffm-Höchst, BiKuZ"]
[Date "2014.04.28"]
[Round "1.47"]
[White "Zimmer, Gerald"]
[Black "Lehmann, Gerit"]
[Result "1-0"]
[WhiteElo "1832"]
[BlackElo "1492"]
[PlyCount "103"]
[EventDate "2014.??.??"]
[WhiteTeam "SC Bergen-Enkheim 1922"]
[BlackTeam "SF Frankfurt 1921"]

1. d4 Nf6 2. c4 e6 3. Nc3 d5 4. Bg5 c6 5. e3 Nbd7 6. Nf3 Be7 7. Bd3 O-O 8. O-O
dxc4 9. Bxc4 Nd5 10. Bxe7 Qxe7 11. Rc1 N7f6 12. Ne5 Nxc3 13. Rxc3 Nd5 14. Rc1
f6 15. Nd3 b5 16. Bb3 Bb7 17. Nc5 Bc8 18. Qf3 Kh8 19. Rfe1 f5 20. e4 fxe4 21.
Qxe4 Re8 22. Rc2 Bd7 23. Rce2 Nf6 24. Qe5 Ng4 25. Qg3 Nf6 26. Bxe6 Bxe6 27.
Rxe6 Qf7 28. Qf3 Rxe6 29. Rxe6 Re8 30. Qxc6 Rxe6 31. Qxe6 Qxe6 32. Nxe6 Nd5 33.
Kf1 Kg8 34. Ke2 Kf7 35. Nc5 Kf6 36. Ne4+ Kg6 37. Nc3 Nc7 38. b4 Kf5 39. Ke3 g5
40. f3 h5 41. g3 Na6 42. a3 Nc7 43. h3 g4 44. hxg4+ hxg4 45. fxg4+ Kxg4 46. Ke4
a6 47. Ke5 Kxg3 48. d5 Ne8 49. d6 Nxd6 50. Kxd6 Kf3 51. Nxb5 axb5 52. Kc5 1-0

[Event "Frankfurt Ch 2014"]
[Site "Ffm-Höchst, BiKuZ"]
[Date "2014.04.28"]
[Round "1.48"]
[White "Marchese, Eric"]
[Black "Zimpfer, Andreas"]
[Result "1/2-1/2"]
[WhiteElo "1458"]
[BlackElo "1831"]
[PlyCount "55"]
[EventDate "2014.??.??"]
[WhiteTeam "SC Matt im Park Ffm"]
[BlackTeam "SC Butzbach 2000"]

1. e4 c5 2. Nf3 d6 3. h3 Nf6 4. e5 dxe5 5. Nxe5 g6 6. Bb5+ Nbd7 7. Qf3 Qc7 8.
Bxd7+ Bxd7 9. Nxd7 Nxd7 10. O-O Bg7 11. Nc3 e6 12. d3 O-O 13. Rb1 Ne5 14. Qg3
Qa5 15. Bd2 c4 16. Ne4 Qd8 17. Bg5 Qc8 18. Be7 Qc6 19. Bxf8 Rxf8 20. d4 Qxe4
21. dxe5 Qxc2 22. Rfc1 Qe4 23. Re1 Qc6 24. Qc3 Rc8 25. Rbc1 Bf8 26. a3 b5 27.
Rcd1 Qb6 28. Rd7 1/2-1/2

[Event "Frankfurt Ch 2014"]
[Site "Ffm-Höchst, BiKuZ"]
[Date "2014.04.28"]
[Round "1.49"]
[White "Bittner, Peter"]
[Black "Friedel, Thomas"]
[Result "1-0"]
[WhiteElo "1827"]
[BlackElo "1447"]
[PlyCount "77"]
[EventDate "2014.??.??"]
[WhiteTeam "SC 1961 König Nied"]
[BlackTeam "SV 1946 Groß-Gerau"]

1. e4 e5 2. Nf3 Nc6 3. Bb5 Bc5 4. O-O d6 5. h3 Nge7 6. c3 O-O 7. d4 exd4 8.
cxd4 Bb6 9. Nc3 Bd7 10. a3 a6 11. Bc4 h6 12. b4 Ng6 13. Qd2 Nce7 14. Bb2 Be6
15. Bd3 d5 16. e5 Bf5 17. Rae1 c6 18. Na4 Bc7 19. Nc5 Bxd3 20. Qxd3 Qc8 21. Bc1
b6 22. Nb3 Qf5 23. Qxf5 Nxf5 24. Bd2 Rfc8 25. Rc1 Nfe7 26. g3 Nf8 27. Nh2 Ne6
28. f4 Bb8 29. f5 Nd8 30. h4 Ba7 31. Kg2 Nb7 32. h5 Kh7 33. f6 Ng8 34. fxg7
Kxg7 35. Ng4 Rc7 36. Nf6 Ne7 37. Rf4 Rh8 38. Rcf1 Ng8 39. Ne8+ 1-0

[Event "Frankfurt Ch 2014"]
[Site "Ffm-Höchst, BiKuZ"]
[Date "2014.04.28"]
[Round "1.50"]
[White "Stulken, Dietmar"]
[Black "Barisch, Florian"]
[Result "0-1"]
[WhiteElo "1391"]
[BlackElo "1822"]
[PlyCount "141"]
[EventDate "2014.??.??"]
[WhiteTeam "SF Frankfurt 1921"]
[BlackTeam "SF Anderssen Wetzlar"]

1. e4 c5 2. c3 Nc6 3. d4 cxd4 4. cxd4 d5 5. e5 Bf5 6. a3 e6 7. Nf3 Nge7 8. Bd3
Qb6 9. Be2 Bg6 10. Nc3 Nf5 11. Na4 Qd8 12. Be3 Be7 13. O-O O-O 14. Qd2 Na5 15.
Qd1 Rc8 16. Bd2 Nc4 17. Bxc4 Rxc4 18. b3 Rc6 19. b4 Qa8 20. Bc3 Rfc8 21. Rc1
Bh5 22. h3 Bxf3 23. gxf3 Bg5 24. Rc2 b6 25. Kg2 Bf4 26. Rg1 R8c7 27. Kh1 Qd8
28. Rg4 Bh6 29. f4 f6 30. Qd3 Rc8 31. f3 fxe5 32. fxe5 Ne3 33. Rh2 Nxg4 34.
hxg4 Qg5 35. Bd2 Qg6 36. Qxg6 hxg6 37. f4 Rc1+ 38. Bxc1 Rxc1+ 39. Kg2 Rc2+ 40.
Kg1 Rxh2 41. Kxh2 Bxf4+ 42. Kg2 Bc1 43. Nc5 Bxa3 44. Nxe6 Bxb4 45. Nc7 Kf8 46.
Nxd5 a5 47. Nxb6 Bc3 48. Na4 Bxd4 49. Kf3 Bxe5 50. Ke4 Bd6 51. Kf3 Ke7 52. Ke4
Kf6 53. Kf3 Kg5 54. Kg2 Kf4 55. g5 Kxg5 56. Kf3 Kf5 57. Kg2 g5 58. Kf3 g4+ 59.
Ke2 g3 60. Kf1 Ke4 61. Nc3+ Kd3 62. Na4 Kc4 63. Nb2+ Kb3 64. Nd3 Kc2 65. Ne1+
Kc3 66. Nc2 Kxc2 67. Kg2 a4 68. Kf3 a3 69. Ke4 a2 70. Kd5 a1=Q 71. Kxd6 0-1

[Event "Frankfurt Ch 2014"]
[Site "Ffm-Höchst, BiKuZ"]
[Date "2014.04.28"]
[Round "1.51"]
[White "Straub, Fabian"]
[Black "Lessmann, Sven"]
[Result "1-0"]
[WhiteElo "1816"]
[BlackElo "1365"]
[PlyCount "77"]
[EventDate "2014.??.??"]
[WhiteTeam "SV Frankfurt Nord 1926"]
[BlackTeam "SC Bad Soden"]

1. e4 d6 2. Nc3 Nf6 3. f4 g6 4. Bc4 Bg7 5. d3 O-O 6. Nf3 c6 7. h3 Nbd7 8. Be3
e5 9. Qd2 Re8 10. g4 b5 11. Bb3 a5 12. a4 b4 13. Ne2 Ba6 14. Ng3 Nb6 15. fxe5
dxe5 16. Ng5 Ra7 17. Kf2 Rd7 18. Rad1 Nc4 19. Bxc4 Bxc4 20. b3 Ba6 21. Kg2 Qc7
22. Qf2 Rb8 23. Nf3 Bf8 24. Nxe5 Qxe5 25. Bf4 Qe8 26. Bxb8 Qxb8 27. Qxf6 Rd6
28. Qf4 Bc8 29. h4 Qa7 30. h5 Qd4 31. hxg6 Rxg6 32. Nf5 Bxf5 33. Qxf5 Qg7 34.
Kf3 Rf6 35. Rdg1 Kh8 36. Rxh7+ Qxh7 37. Qxf6+ Kg8 38. Qg5+ Bg7 39. Qh5 1-0

[Event "Frankfurt Ch 2014"]
[Site "Ffm-Höchst, BiKuZ"]
[Date "2014.04.28"]
[Round "1.52"]
[White "Manasek, Martin"]
[Black "Gutacker, Stephan"]
[Result "0-1"]
[WhiteElo "1334"]
[BlackElo "1811"]
[PlyCount "86"]
[EventDate "2014.??.??"]
[WhiteTeam "Bad Vilbeler Sfr. 1985"]
[BlackTeam "Sfr.1932 Kelkheim"]

1. d4 Nf6 2. c4 e6 3. Nc3 d5 4. Nf3 c6 5. Bg5 Be7 6. e3 O-O 7. Be2 Nbd7 8. O-O
b6 9. Rc1 Bb7 10. Nb1 h6 11. Bxf6 Bxf6 12. cxd5 exd5 13. Re1 c5 14. Bb5 c4 15.
Bxd7 Qxd7 16. b3 b5 17. Nc3 Rfe8 18. bxc4 dxc4 19. Rb1 Rab8 20. Rxb5 Bxf3 21.
gxf3 Rxb5 22. Nxb5 Qxb5 23. f4 c3 24. Qc2 Qb2 25. Re2 Qxc2 26. Rxc2 Rc8 27. Kf1
Be7 28. Ke2 Bb4 29. Kd3 f5 30. f3 Kf7 31. e4 Ke6 32. h4 Ba5 33. h5 Rb8 34.
exf5+ Kxf5 35. a3 Kxf4 36. d5 Ke5 37. Rg2 Rc8 38. Kc2 Rc7 39. f4+ Kxd5 40. Rg6
Ke4 41. Ra6 Bb6 42. Ra4+ Bd4 43. Rb4 Rf7 0-1

[Event "Frankfurt Ch 2014"]
[Site "Ffm-Höchst, BiKuZ"]
[Date "2014.04.28"]
[Round "1.53"]
[White "Cors, Heinz-Friedrich"]
[Black "Klikic, Drazen"]
[Result "1-0"]
[WhiteElo "1811"]
[BlackElo "1235"]
[PlyCount "43"]
[EventDate "2014.??.??"]
[WhiteTeam "Schachforum Darmstadt 1994"]
[BlackTeam "SC 1961 König Nied"]

1. e4 e5 2. Bc4 Nf6 3. d3 d5 4. exd5 Nxd5 5. Nf3 Nc6 6. h3 Be6 7. Ng5 Bc5 8.
Nxe6 Qf6 9. O-O fxe6 10. Nd2 O-O 11. Ne4 Qe7 12. Nxc5 Qxc5 13. c3 Rad8 14. Qe2
Kh8 15. Be3 Nxe3 16. fxe3 Qd6 17. Rxf8+ Rxf8 18. Rf1 Rxf1+ 19. Qxf1 h6 20. Qf7
Nd8 21. Qg6 Nf7 22. Qxf7 1-0

[Event "Frankfurt Ch 2014"]
[Site "Ffm-Höchst, BiKuZ"]
[Date "2014.04.28"]
[Round "1.54"]
[White "Dümmler, Rudolf"]
[Black "Krüger, Till"]
[Result "0-1"]
[WhiteElo "1170"]
[BlackElo "1803"]
[PlyCount "86"]
[EventDate "2014.??.??"]
[WhiteTeam "SAbt TuS Makkabi Ffm"]
[BlackTeam "SC Nidderau"]

1. c4 Nf6 2. d4 g6 3. Nc3 Bg7 4. e4 d6 5. Nf3 O-O 6. Bd3 Nc6 7. d5 Nb4 8. O-O
a5 9. Re1 e5 10. Bf1 Nh5 11. a3 Na6 12. Be3 Bd7 13. Rc1 Qe8 14. Qc2 f5 15. Rcd1
f4 16. Bc1 a4 17. Nb5 Qe7 18. b4 axb3 19. Qxb3 Nc5 20. Qc2 Bc8 21. Nc3 g5 22.
h3 g4 23. hxg4 Bxg4 24. Be2 Bd7 25. Qb1 Nf6 26. Nh2 Rf7 27. Qc2 Bh6 28. Bf3 Rg7
29. Qe2 Kh8 30. Qf1 Rag8 31. Ne2 Nfxe4 32. Kh1 Qh4 33. g3 fxg3 34. fxg3 Nxg3+
35. Nxg3 Rxg3 36. Bxh6 Qxh6 37. Qf2 Qf4 38. Rg1 Ne4 39. Qe2 Bf5 40. Rdf1 Rxg1+
41. Rxg1 Ng3+ 42. Rxg3 Qxg3 43. Qf1 Bh3 0-1